Vikas ke Aayam: prakantar paksh avom drishtiyan (Record no. 501932)

000 -LEADER
fixed length control field 00320cam a22000977a 4500
008 - FIXED-LENGTH DATA ELEMENTS--GENERAL INFORMATION
fixed length control field 180718b2006 xxu||||| |||| 00| 0 eng d
100 ## - MAIN ENTRY--PERSONAL NAME
Personal name Choube, Pramad Kumar
245 ## - TITLE STATEMENT
Title Vikas ke Aayam: prakantar paksh avom drishtiyan
Statement of responsibility, etc. edited by Pramad Kumar Choube
260 ## - PUBLICATION, DISTRIBUTION, ETC.
Place of publication, distribution, etc. New Delhi
Name of publisher, distributor, etc. Bharatita Lok Prashasan
Date of publication, distribution, etc. 2006
300 ## - PHYSICAL DESCRIPTION
Extent 248p.
Holdings
Withdrawn status Lost status Damaged status Not for loan Permanent Location Current Location Date acquired Barcode Date last seen Price effective from Koha item type
        Indian Institute of Public Administration Indian Institute of Public Administration 2018-08-04 GR17845 2018-08-04 2018-08-04 GR

Powered by Koha